000 01497nam2a22002531 4500
001 RU\NLR\INFOCOMM20\5000018315
005 20250617023412.0
035 _a(NLR Aleph) 002382772
090 _a4606430
_c4606430
100 _a20041224d1968 |||y0rusy50 ca
101 0 _arus
102 _aRU
105 _ay ||||000|y
200 1 _aСверхскоростные поезда зарубежных железных дорог
_fА.Н. Шпак
210 _d1968
_aБ. м.
461 0 _1001RU\NLR\INFOCOMM20\5000018008
_12001#$aТранспортное машиностроение$h[Тема] 5$fГос. ком. тяжелого, энергет. и трансп. машиностроения при Госплане СССР. Науч.-исслед. информации по тяжелому, энергет. и трансп. машиностроению. НИИИНФОРМТЯЖМАШ$v1967, 12
_94605304
_cМ.
_d1965-1974
_fГос. ком. тяжелого, энергет. и трансп. машиностроения при Госплане СССР. Науч.-исслед. информации по тяжелому, энергет. и трансп. машиностроению. НИИИНФОРМТЯЖМАШ
_h[Тема] 5
_tТранспортное машиностроение
_v1967, 12
700 1 _aШпак
_bА.Н.
_4070
801 1 _aRU
_bInfoComm
_c20041226
801 0 _aRU
_bNLR
_gPSBO
852 _aNLR
_jП10/3458
942 _cISSUE
980 _aNB
980 _aRUSPER